000 00267nam a22001097a 4500
008 160519b xxu||||| |||| 00| 0 eng d
020 _a9780323047272
041 _aeng
080 _a61
245 _aRadiographic imaging & exposure:
_cTerri L. Fauber;
942 _2udc
_cBK
999 _c2241
_d2241